| 000 | 00735nam a22002297a 4500 | ||
|---|---|---|---|
| 005 | 20250129165516.0 | ||
| 008 | 250127b |||||||| |||| 00| 0 eng d | ||
| 020 | _a9788176461771 | ||
| 037 | _cTB | ||
| 040 |
_aAL _cAL |
||
| 041 |
_2eng _aeng |
||
| 084 |
_aLBv2'C R4 _qAL |
||
| 100 |
_aKrishnamurthy, K. H. _966728 |
||
| 245 | _aAyurvedic technical studies and herbal cosmetics of ancient India | ||
| 260 |
_aDelhi, India: _bB.R.Publishing Corporation, _c2024 |
||
| 300 | _aviii,122p. | ||
| 365 |
_b695.00 _cINR |
||
| 546 | _aeng | ||
| 650 |
_aAyurveda- Technical Studies _9734888 |
||
| 942 |
_2CC _cTB _hLBv2'C R4 _n0 |
||
| 999 |
_c1238275 _d1238275 |
||